Experiencias de diseño social con comunidades vulnerables de Cali /

Detalles Bibliográficos
Autores principales: Giraldo Pinedo, Diana M. (Autor), Martínez Muñoz, Edgar A. (Autor)
Formato: Electrónico eBook
Lenguaje:español
Publicado: Cali, Valle del Cauca, Colombia : Universidad Autónoma de Occidente, 2024.
Materias:
Acceso en línea:Digitalia Hispánica

MARC

LEADER 00000nam a2200000Ii 4500
001 DIGUAOCCTE0119
003 NyNyDIG
006 m o d
007 cr |||||||||||
008 250417s2024 ck a ob 000 0 spa d
035 |a (OCoLC)1517261683 
040 |a DGITA  |b eng  |e rda  |e pn  |c DGITA 
020 |a 9789586191982  |q pdf 
020 |a 9789586191999  |q ePub 
043 |a s-ck--- 
050 1 4 |a NK1520 ebook 
100 1 |a Giraldo Pinedo, Diana M.,  |e author. 
245 1 0 |a Experiencias de diseño social con comunidades vulnerables de Cali /  |c autores, Diana M. Giraldo Pinedo, Edgar A. Martínez Muñoz. 
264 1 |a Cali, Valle del Cauca, Colombia :  |b Universidad Autónoma de Occidente,  |c 2024. 
300 |a 1 online resource :  |b illustrations. 
336 |a text  |b txt  |2 rdacontent 
337 |a computer  |b c  |2 rdamedia 
338 |a online resource  |b cr  |2 rdacarrier 
347 |a text file  |2 rdaft 
347 |b PDF 
504 |a Includes bibliographical references. 
588 0 |a Online resource; title from PDF title page (Digitalia, viewed April 17, 2025) 
650 0 |a Design  |x Social aspects. 
650 0 |a Community development  |z Colombia. 
700 1 |a Martínez Muñoz, Edgar A.,  |e author. 
791 2 |a Digitalia (Firm),  |e distributor. 
793 0 |g Digitalia eBook Collection:  |a Universidad Autónoma de Occidente 
856 4 0 |3 Digitalia Hispánica  |u https://www.digitaliapublishing.com/a/171308/ 
910 |a Premium collection: 2025